| 000 | 00870nam a2200265Ia 4500 | ||
|---|---|---|---|
| 001 | Para_8551 | ||
| 003 | CHAP | ||
| 008 | 220125s9999 xx 000 0 und d | ||
| 010 | _a207362 | ||
| 040 | _cCHAP | ||
| 082 | _aPA-C 595.752 A6 | ||
| 100 |
_aEssig, E. O. _9167428 |
||
| 245 |
_aHost idexto California plant lice, II (Aphididae) / _c by E.O. Essig |
||
| 300 | _a3 p. | ||
| 440 |
_aAphidae; 22 _9173948 |
||
| 500 | _aSobretiro de; Pomona College Journal of Entomology, 4 (3): 826-828, 1912. Encuadernado con otros impresos similares | ||
| 650 |
_a _x Afididos _x Colecciones de escritos _x Afididos _x catalogos y colecciones _x Afididos _x California _9173961 |
||
| 901 | _aPA-C 595.752 A6 | ||
| 902 | _aA | ||
| 905 | _a000000 0000000000 00 | ||
| 910 | _a | ||
| 942 | _cPARA | ||
| 942 |
_cPARA _d1 |
||
| 999 |
_c207362 _d207362 |
||